01389pab a2200193 454500008004000000100001500040245004600055260000900101300001400110362001200124520084100136650002600977650001101003773004401014908000601058909001001064999001701074952010401091180718b2001 xxu||||| |||| 00| 0 eng d aJafa, Y.S. aChallenges for police in the 21st century c2001 ap.96-105. aJan-Mar aThe emerging social, economic and cultural milieu have thrown up challenges of a newer kind before the police administration of the country. Its task is no more confined to maintaining law and order. It encompasses now a greater responsibility of coping with the awareness and fostering the new social order in more responsive and humane way. Latest advancements in technology and pace of communication call for bracing up of the resources and forces. The author, a seasoned and experienced police officer, lists the major ills in the set up, behaviour, organisation and preparedness of the law enforcing agency. He outlines the factors that have tarnished the image and effectiveness of this important arm of civil administration and suggests in details various measures required to overcome the present inadequacies. - Reproduced aPolice - 21st century aPolice aIndian Journal of Public Administration aN a50109 c50109d50109 00104070aIIPAbIIPAd2018-07-19hVolume no: 47, Issue no: 1pAR50537r2018-07-19w2018-07-19yAR